000 00654nam a2200193 a 4500
008 080109s1983 ||||||||||||||||| || u
020 _a0070189846
050 _aTK 454 Edm
100 _aEdminister, Joseph
245 1 0 _aSchaum's outline of theory and problems of electric circuits. (2nd ed.)
250 _a2nd ed.
260 _aNew York :
_bMcGraw-Hill
_c1983
300 _a298 p. : ill.
350 _a0.00
490 _aSchaum's outline series
650 _aCIRCUITS
650 0 _aELECTRIC CIRCUITS
995 _D0.00
_FCBU-MAIN LIBRARY (Kitwe)
_H1
_I6.75
_UDAMAGED
_ZMain Library Open Access Collection
999 _c57022
_d57022